00410nam a2200181Ia 4500008004100000020001400041050001400055100001900069245002600088245002100114260001500135260001600150260000900166300001500175300002000190300001000210500000800220170918s9999 xx 000 0 und d a439698960 bE925 2000 aEvans, Douglas 4aThe elevator family / cby Douglas Evan. aNew York : bScholastic, c2000 a87 pages : billustrations ; c19cm. a520